000 00942nam a22002297a 4500
999 _c4149
_d4149
003 AR-CdUCM
008 190308b ||||| |||| 00| 0 spa d
040 _aMUNICIPALIDAD PROVINCIAL DEL CUSCO
_cBIBLIOTECA MUNICIPAL DEL CUSCO
041 _hger
082 _a790.1 /
_bM41
100 _aMelchinger, Siegfried
_913157
245 _aEl teatro desde Bernard Shaw hasta Bertolt Brecht /
260 _aBuenos Aires :
_bCompañía general fabril editora,
_c1959.
300 _a340 paginas ;
_bFotografías,
_c23 cm.
500 _aDonación de la familia Nieto
505 _aTentaciones con las generaciones -- El balance de la ultima revolución -- La decadencia de una formula elemental -- Documentos sobre el teatro contemporáneo -- Términos técnicos de la teoría dramática contemporánea ...
650 _aTeatro alemán
_93489
650 _aSiglo XX.
_98
700 _aPérez Ruiz, Jose
_913158
942 _2ddc
_cLIBROS
945 _aacv